| 000 | 00432nam a22001697a 4500 | ||
|---|---|---|---|
| 003 | NUST - PNEC | ||
| 005 | 20170116180837.0 | ||
| 008 | 150811b xxu||||| |||| 00| 0 eng d | ||
| 020 | _a0789724871 | ||
| 040 | _cLIBRARY | ||
| 082 | _a621.384 GRA | ||
| 100 |
_95097 _a Gralla, Preston |
||
| 245 |
_aHow wireless works _cPreston, Gralla |
||
| 260 | _cc 2002 | ||
| 650 |
_95098 _aWireless communication systems _x- |
||
| 942 |
_2ddc _cBK |
||
| 999 |
_c64275 _d64275 |
||